Aussenwirtschaft Schweizerische Zeitschrift für internationale Wirtschaftsbeziehungen

Enregistré dans:
Détails bibliographiques
Format: Publication en série
Langue:allemand
Publié: Zürich Schulthese Polygraphischer Verlag 1981
Tags: Ajouter un tag
Pas de tags, Soyez le premier à ajouter un tag!

MARC

LEADER 00000nas2a22000001 4500
001 s123282
005 20250730114217.4
041 0 |a ger 
044 |a CH 
245 1 0 |a Aussenwirtschaft  |b Schweizerische Zeitschrift für internationale Wirtschaftsbeziehungen 
264 1 |a Zürich  |b Schulthese Polygraphischer Verlag  |c 1981 
300 |a 1 zv. 
773 0 |w eu_un_cat*s120084